[Event "World Chess Olympiad 2018"]
[Site "Batumi"]
[Date "2018.09.30"]
[Round "6"]
[Board "4"]
[WhiteFideId "718572"]
[White "Berkes Ferenc"]
[BlackFideId "3205800"]
[Black "Morris James"]
[Result "1-0"]
[LiveChessVersion "1.4.8"]
[BlackElo "2494"]
[WhiteElo "2678"]

1. d4 {[%clk 1:30:56]} Nf6 {[%clk 1:30:51]} 2. Nf3 {[%clk 1:31:20]} e6
{[%clk 1:30:49]} 3. g3 {[%clk 1:31:44]} b6 {[%clk 1:28:39]} 4. Bg2
{[%clk 1:32:08]} Bb7 {[%clk 1:29:05]} 5. O-O {[%clk 1:32:18]} d5 {[%clk 1:28:27]}
6. c4 {[%clk 1:30:09]} Nbd7 {[%clk 1:28:37]} 7. cxd5 {[%clk 1:28:22]} exd5
{[%clk 1:27:28]} 8. Nc3 {[%clk 1:28:37]} Be7 {[%clk 1:26:39]} 9. Ne5
{[%clk 1:26:36]} c6 {[%clk 1:15:09]} 10. Qa4 {[%clk 1:11:42]} b5 {[%clk 1:04:16]}
11. Qc2 {[%clk 1:12:03]} Nxe5 {[%clk 0:51:32]} 12. dxe5 {[%clk 1:12:27]} Ng4
{[%clk 0:50:56]} 13. Qf5 {[%clk 1:01:16]} Bc8 {[%clk 0:51:17]} 14. Qf4
{[%clk 1:01:21]} g5 {[%clk 0:51:12]} 15. Qd4 {[%clk 0:59:59]} Qb6
{[%clk 0:51:22]} 16. Qd1 {[%clk 0:55:54]} Bc5 {[%clk 0:32:02]} 17. e3
{[%clk 0:49:52]} Be6 {[%clk 0:25:08]} 18. a4 {[%clk 0:50:15]} b4 {[%clk 0:24:26]}
19. a5 {[%clk 0:50:40]} Qc7 {[%clk 0:24:42]} 20. Na4 {[%clk 0:51:03]} Be7
{[%clk 0:23:28]} 21. f4 {[%clk 0:49:21]} gxf4 {[%clk 0:09:26]} 22. exf4
{[%clk 0:49:34]} h5 {[%clk 0:08:07]} 23. f5 {[%clk 0:41:57]} Bc8 {[%clk 0:06:17]}
24. e6 {[%clk 0:41:15]} Ba6 {[%clk 0:04:33]} 25. Re1 {[%clk 0:40:22]} Qxa5
{[%clk 0:03:31]} 26. exf7+ {[%clk 0:28:04]} Kxf7 {[%clk 0:03:25]} 27. Rxe7+
{[%clk 0:28:26]} Kxe7 {[%clk 0:03:42]} 28. Qe1+ {[%clk 0:28:48]} Kf8
{[%clk 0:01:34]} 29. Bd2 {[%clk 0:29:03]} Rb8 {[%clk 0:00:56]} 30. h3
{[%clk 0:29:10]} Rh7 {[%clk 0:00:37]} 31. hxg4 {[%clk 0:28:32]} Re7
{[%clk 0:00:45]} 32. Qc1 {[%clk 0:27:30]} Bc4 {[%clk 0:00:39]} 33. b3
{[%clk 0:26:11]} Bxb3 {[%clk 0:00:38]} 34. Nc5 {[%clk 0:21:28]} Qb6
{[%clk 0:00:34]} 35. Be3 {[%clk 0:21:28]} Kg8 {[%clk 0:00:40]} 36. Bd4
{[%clk 0:21:40]} 1-0